Score 0/9 Timer 01:30
0 Plays Today
Hint Answer % Correct
Dorothy's Friends from OzTin Woodman
96.6%
Dorothy's Friends from OzCowardly Lion
96.6%
Dorothy's Friends from OzScarecrow
95.3%
'Peanuts' Van Pelt ChildrenLinus
83.5%
'Peanuts' Van Pelt ChildrenLucy
82.1%
The Three MusketeersPorthos
66.3%
The Three MusketeersAthos
60.8%
The Three MusketeersAramis
58.1%
'Peanuts' Van Pelt ChildrenRerun
24.1%

You're not logged in!

Compare scores with friends on all Sporcle quizzes.
OR
Log In

Sporcle TV

Today on Sporcle TV


Watch our educational content, quiz creation guides, and fun videos on Sporcle TV.

Show Comments

Extras

Top Quizzes Today


Score Distribution

Paid Content

Your Account Isn't Verified!

In order to create a playlist on Sporcle, you need to verify the email address you used during registration. Go to your Sporcle Settings to finish the process.

Report this User

Report this user for behavior that violates our Community Guidelines.

Details: